Star Wars or Star Trek Multiple Choice Quiz - Statistics

General Stats
  • This quiz has been taken 54 times
  • The average score is 15 of 20
Answer Stats
Question Answer % Correct
The Enterprise Star Trek
98%
The Force Star Wars
98%
Live long, and prosper. Star Trek
93%
Peter Quill the Star Lord Neither
90%
The Prime Directive Star Trek
90%
George Lucas Star Wars
90%
Hoth Star Wars
88%
The Millenium Falcon Star Wars
88%
Khan! Star Trek
85%
Darmok and Jalad at Tanagra Star Trek
73%
Gorn Star Trek
70%
A wretched hive of scum and villainy Star Wars
70%
Caprica Neither
68%
The Holodeck Star Trek
68%
A camtono of Beskar Star Wars
65%
Ten Forward Star Trek
60%
J.J. Abrams Both
53%
Colonial Viper Neither
45%
The Beastie Boys Star Trek
35%
Simon Pegg Both
28%
No matching quizzes found
Score Distribution
Percent of People with Each Score
Percentile by Number Answered
Your Score History
You have not taken this quiz